00722nam a2200205 i 450000100060000000300090000600500170001500700030003200800410003510000260007624500910010226000600019330000380025349000690029165000220036065000180038270000260040083000690042685200210049589558ES-MaACL20250830095357.0t|050111s1933 fr ||||1| fre d1 aLaski, Harold Joseph.10aGrammaire de la politique / cpar Harold J. Laski,... ; traduction de Marg.-L. Rocher. aParis : bDelagrave, c1933 (eEvreux : fCh. Herissey) a362 p. : b1 retr. aur ; c25 cm.1 aBibliothèque de l'Institut international de droit public ; v2 7aPolítica2embne07aEstado2embne1 aRocher, Marguerite L.0 aBibliothèque de l'Institut international de droit public ; v2 aES-MaACLjA-1599